Optimal design of experiments. A case study approach
Uloženo v:
| Hlavní autoři: | , |
|---|---|
| Médium: | Kniha |
| Jazyk: | angličtina |
| Vydáno: |
West Sussex, United Kingdom:
John Wiley & Sons,
2011.
|
| Témata: | |
| Tagy: |
Přidat tag
Žádné tagy, Buďte první, kdo vytvoří štítek k tomuto záznamu!
|
MARC
| LEADER | 00000cam a2200000 a 4500 | ||
|---|---|---|---|
| 001 | UCE1919 | ||
| 003 | CL-VaPUC | ||
| 005 | 20230817172723.0 | ||
| 008 | 140526e20110000uk |||||||||||||||||eng|d | ||
| 020 | |a 978-0-470-74461-1 | ||
| 040 | |c Pontificia Universidad Católica de Valparaíso | ||
| 082 | 0 | 4 | |a 670.285 GOO 2011 |b |2 21 |
| 100 | 0 | |a Goos, Peter |e author |9 574348 | |
| 245 | 1 | 0 | |a Optimal design of experiments. |b A case study approach |
| 260 | |a West Sussex, United Kingdom: |b John Wiley & Sons, |c 2011. | ||
| 300 | |a 287 páginas. | ||
| 583 | |a last modification |c 20140526 07:41:00 |k Rodrigo Vera | ||
| 650 | |a Ingeniería industrial |v Experimentos |x Diseño asistido por ordenador |9 884231 | ||
| 650 | 0 | |a Diseño experimental |9 259977 |x Procesamiento de datos | |
| 650 | 0 | |a Ingeniería industrial |9 260973 |v Estudio de casos | |
| 700 | 0 | |a Jones, Bradley |e author |9 574349 | |
| 942 | |c BK |2 ddc | ||
| 945 | |d 20140526 07:41:00 |a dcastane | ||
| 999 | |c 355602 |d 355600 | ||
| 952 | |0 0 |1 0 |3 erd |4 0 |6 670_285000000000000_GOO_2011 |7 0 |8 A |9 462377 |a BIBGIM |b BIBGIM |i 5080878 |o 670.285 GOO 2011 |p 5080878 |r 2025-01-15 |w 2019-11-23 |y BK |z Catalogado en:20140526 |k EST | ||
| 952 | |0 0 |1 0 |2 ddc |4 0 |6 670_285000000000000_GOO_2011 |7 0 |8 A |9 591249 |a BIBING |b BIBING |c GEN |d 2023-08-17 |e 1 |g 77981.72 |i 5658416 |o 670.285 GOO 2011 |p 5658416 |r 2025-01-20 |t 3 |v 77981.72 |w 2023-08-17 |y BK |k EII | ||
| 952 | |0 0 |1 0 |2 ddc |4 0 |6 670_285000000000000_GOO_2011 |7 0 |8 A |9 591250 |a BIBING |b BIBING |c GEN |d 2023-08-17 |e 1 |g 77981.72 |i 5658417 |o 670.285 GOO 2011 |p 5658417 |r 2025-01-20 |t 4 |v 77981.72 |w 2023-08-17 |y BK |k EII | ||
| 952 | |0 0 |1 0 |2 ddc |4 0 |6 670_285000000000000_GOO_2011 |7 0 |8 A |9 591251 |a BIBING |b BIBING |c GEN |d 2023-08-17 |e 2 |g 77981.72 |i 5658415 |o 670.285 GOO 2011 |p 5658415 |r 2025-01-20 |t 2 |v 77981.72 |w 2023-08-17 |y BK |k EII | ||